Missing Word: 'E' Movies Quiz Stats

 Plays Quiz Updated Apr 27, 2015

Challenge
Share
Tweet
Embed
Score 0/20 Timer 03:00
0 Plays Today
Movie Missing Word % Correct
_______ ScissorhandsEdward
98.3%
_______ Pray LoveEat
96%
The _______ Strikes BackEmpire
96%
_______ from AlcatrazEscape
93%
_______ BrockovichErin
92.8%
_______ Legged FreaksEight
92.3%
_______ AlmightyEvan
90.1%
The _______ New GrooveEmperor's
88.3%
_______ of the StateEnemy
85.4%
_______ Loud and Incredibly CloseExtremely
85.3%
Movie Missing Word % Correct
_______ Sunshine of the Spotless MindEternal
84.6%
_______ the DragonEnter
65.4%
_______ Goes to CampErnest
63.2%
The _______ That Men DoEvil
61.7%
_______ of the MonthEmployee
57.2%
The _______ of Emily RoseExorcism
53.9%
_______ WoundsExit
50.9%
_______ EyeEagle
40.3%
The _______ ManElephant
31.4%
_______ MovieEpic
19.5%

Today's Daily Dose

Missing Word
Orlando Bloom

Quick Pick
November Things

On This Day
November 15th II

You're not logged in!

Compare scores with friends on all Sporcle quizzes.
Join for Free
OR
Log In

You Might Also Like...

Show Comments

Extras

Top Quizzes Today


Score Distribution

Your Account Isn't Verified!

In order to create a playlist on Sporcle, you need to verify the email address you used during registration. Go to your Sporcle Settings to finish the process.

Report this User

Report this user for behavior that violates our Community Guidelines.

Details: